书目信息 |
| 题名: |
简明大学英汉对比语法
|
|
| 作者: | 刘小梅 著 | |
| 分册: | ||
| 出版信息: | 北京 化学工业出版社 2008.06 |
|
| 页数: | 248页 | |
| 开本: | 26cm | |
| 丛书名: | ||
| 单 册: | ||
| 中图分类: | H314 | |
| 科图分类: | ||
| 主题词: | 语法--yu fa--对比研究--英语--汉语--高等学校--教材 | |
| 电子资源: | ||
| ISBN: | 978-7-122-02487-9 | |
| 000 | 01037nam0 2200253 450 | |
| 001 | 012009825973 | |
| 005 | 20091016081814.31 | |
| 010 | @a978-7-122-02487-9@dCNY29.80 | |
| 100 | @a20091016d2008 em y0chiy0120 ea | |
| 101 | 0 | @achi@aeng |
| 102 | @aCN@b110000 | |
| 105 | @aa a 000yy | |
| 106 | @ar | |
| 200 | 1 | @a简明大学英汉对比语法@Ajian ming da xue ying han dui bi yu fa@d= The concise comparative grammar of English and Chinese for college students@f刘小梅著@Fliu xiao mei zhu@zeng |
| 210 | @a北京@c化学工业出版社@d2008.06 | |
| 215 | @a248页@c图@d26cm | |
| 320 | @a有书目 (第248页) | |
| 330 | @a书中以讲述英语语法为主,汉语语法为辅,介绍现代汉语语法,旨在对英汉语法进行对比,以减少学习者在使用英语过程中套用汉语法规则所产生的语际语错误。 | |
| 510 | 1 | @aConcise comparative grammar of English and Chinese for college students@zeng |
| 606 | 0 | @a语法@Ayu fa@x对比研究@x英语@x汉语@x高等学校@j教材 |
| 690 | @aH314@v4 | |
| 701 | 0 | @a刘小梅@Aliu xiao mei@4著 |
| 801 | 0 | @aCN@bQSSK@c20091016 |
| 905 | @b763309-11@dH314@eL694@f3 | |
| 简明大学英汉对比语法= The concise comparative grammar of English and Chinese for college students/刘小梅著.-北京:化学工业出版社,2008.06 |
| 248页:图;26cm |
| ISBN 978-7-122-02487-9:CNY29.80 |
| 书中以讲述英语语法为主,汉语语法为辅,介绍现代汉语语法,旨在对英汉语法进行对比,以减少学习者在使用英语过程中套用汉语法规则所产生的语际语错误。 |
| ● |
| 相关链接 |
|
|
|
正题名:简明大学英汉对比语法
索取号:H314/L694
 
预约/预借
| 序号 | 登录号 | 条形码 | 馆藏地/架位号 | 状态 | 备注 |
| 1 | 763309 | 207633097 | 语言库209/209语言库 4排2列6层/ [索取号:H314/L694] | 在馆 | |
| 2 | 763310 | 207633104 | 语言库209/209语言库 4排2列6层/ [索取号:H314/L694] | 在馆 | |
| 3 | 763311 | 207633113 | 语言库209/209语言库 4排2列6层/ [索取号:H314/L694] | 在馆 |